Les pays les plus riches par habitants - Statistiques

Statistiques générales
  • Ce quiz a été pris 512 fois
  • Le résultat moyen est 15 sur 30
Statistiques - réponses
Hint Réponse % Correct
27/ 44 750$/hab France
94%
9/ 76 030$/hab Etats-unis
91%
5/ 96 390$/hab Suisse
79%
15/ 57 410$/hab Canada
78%
20/ 51 100$/hab Allemagne
76%
29/ 39 760$/hab Japon
74%
1/ 234 315$/hab Monaco
67%
2/ 135 050$/hab Luxembourg
64%
4/ 99 480$/hab Norvège
64%
13/ 57 980$/hab Suède
64%
19/ 52 480$/hab Belgique
56%
12/ 67 460$/hab Australie
55%
17/ 53 740$/hab Finlande
55%
14/ 57840$/hab Pays-Bas
51%
6/ 84 510$/hab Qatar
49%
11/ 69 090$/hab Danemark
48%
3/ 101 510$/hab Irlande
47%
26/ 49 760$/hab Royaume-Unis
46%
8/ 76 580$/hab Singapour
42%
18/ 53 370$/hab Autriche
40%
10/ 74 420$/hab Islande
40%
28/ 41 930$/hab Andorre
37%
25/ 49 850$/hab Nouvelle Zélande
35%
23/ 49 900$/hab Saint-Marin
27%
30/ 38 760$/hab Koweit
23%
7/ 79 820$/hab Brunei
19%
16/ 54 690$/hab Ïsraël
18%
22/ 50 350$/hab Emirats-arabe unis
7%
24/ 49 850$/hab Hong-Kong
7%
21/ 50 580$/hab Macao
2%
Aucun quiz correspondant
Distribution des résultats
% des personnes avec chaque résultat
Percentile par nombre de réponses
Votre historique - résultats
Vous n’avez pas pris ce quiz